Sektorové účty verejnej správy podľa systému ESA 2010

Pokračovanie príspevku z predchádzajúceho čísla. Sektorové účty verejnej správy. V rozdielnej, ale stále integrovanej prezentácii účtov verejnej správy sa sledujú okem príjmov a výdavkov aj ukazovatele ekonomickej činnosti verejnej správy ako deficit či prebytok, financovanie, ostatné ekonomické tok...

Description complète

Enregistré dans:
Détails bibliographiques
Auteur principal: Staríčková, Zuzana
Format: Chapitre de livre
Langue:slovaque
Sujets:
Tags: Ajouter un tag
Pas de tags, Soyez le premier à ajouter un tag!

MARC

LEADER 00000nla a2200000 4500
001 0223770
005 20240502073649.2
041 0 |a slo 
044 |a SK 
245 1 0 |a Sektorové účty verejnej správy podľa systému ESA 2010  |c Zuzana Staríčková 
520 |a Pokračovanie príspevku z predchádzajúceho čísla. Sektorové účty verejnej správy. V rozdielnej, ale stále integrovanej prezentácii účtov verejnej správy sa sledujú okem príjmov a výdavkov aj ukazovatele ekonomickej činnosti verejnej správy ako deficit či prebytok, financovanie, ostatné ekonomické toky a súvahové stavy. Prezentácia vládnej finančnej štatistiky používa agregáty a bilančné položky. Definovanie podľa koncepcie, definície, klasifikácie a účtovné pravidlá systému ESA 2010 tak, aby sa merali konzistentne s inými makroekonomickými premennými a s rovnakými ukazovateľmi v iných krajinách. 
610 2 0 |a účty národné 
610 2 0 |a harmonizácia 
610 2 0 |a jednotka účtovná 
610 2 0 |a štatistika finančná 
610 2 0 |a správa verejná 
610 2 0 |a pravidlá účtovné 
100 1 |a Staríčková, Zuzana